[Event "Ogolnopolska Olimpiada Mlodziezy D-12"]
[Site "Spala"]
[Date "1899-12-30"]
[Round "3.15"]
[White "Tamon, Agata"]
[Black "Budkiewicz, Magdalena"]
[Result "1/2-1/2"]
[WhiteTitle "II"]
[BlackTitle "II+"]
[WhiteElo "1056"]
[BlackElo "1280"]

1. e4 c5 2. Nf3 d6 3. d4 cxd4 4. Nxd4 Nf6 5. Nc3 e6 6. Be2 a6 7. f4 Be7 8. O-O
b5 9. a3 Bb7 10. Bd3 Nc6 11. Nxc6 Bxc6 12. Bd2 O-O 13. Qf3 d5 14. exd5 Nxd5 15.
Nxd5 Bxd5 16. Qh3 h6 17. Rae1 Bf6 18. c3 Qc7 19. f5 e5 20. Qg3 Kh8 21. Be3 Rac8
22. Qf2 Rfe8 23. Bb6 Qc6 24. Ba5 e4 25. Bc2 e3 26. Qe2 Bh4 27. g3 Bg5 28. Bd3
Bc4 29. Bxc4 Qxc4 30. Qxc4 Rxc4 31. Re2 Rce4 32. h3 Bd8 33. Bxd8 Rxd8 34. Rf3
Rd3 35. Kg2 h5 36. Kg1 Kg8 37. Kf1 Kf8 38. Kg1 Ke7 39. Kf1 Kf6 40. Kg1 Rd1+ 41.
Kg2 Rd2 42. Kf1 Rd3 43. h4 Ke5 1/2-1/2

[Event "Ogolnopolska Olimpiada Mlodziezy D-12"]
[Site "Spala"]
[Date "1899-12-30"]
[Round "3.16"]
[White "Wojciechowska, Martyna"]
[Black "Lukaszewska, Magdalena"]
[Result "0-1"]
[WhiteTitle "II"]
[BlackTitle "II"]
[WhiteElo "1280"]
[BlackElo "1190"]

1. d4 c5 2. dxc5 e6 3. b4 a5 4. c3 axb4 5. cxb4 Qf6 6. Nc3 Qxc3+ 7. Bd2 Qa3 8.
Qb1 Be7 9. Nf3 Bf6 10. e3 Bxa1 11. Qxa1 Nf6 12. Bc4 b5 13. cxb6 d5 14. Bb5+ Bd7
15. Bxd7+ Nbxd7 16. b7 Rb8 17. O-O Rxb7 18. Rc1 Qa8 19. Rc2 Rb8 20. a4 Rc8 21.
Rb2 Nb6 22. Ne5 Qxa4 23. Qxa4+ Nxa4 24. Ra2 Nb6 25. Kf1 Ra8 26. Rc2 O-O 27. Rc6
Nbd7 28. Nd3 Rac8 29. Ra6 Ra8 30. Rc6 Rfc8 31. Rxc8+ Rxc8 32. Ke2 Rc2 33. f3 Nb6
34. Kd1 Ra2 35. Nc1 Ra1 36. Bc3 Ra3 37. Kc2 Nc4 38. b5 Nxe3+ 39. Kb2 Nc4+ 40.
Kc2 Nd7 41. h4 e5 42. g4 d4 43. Bb2 Nxb2 44. Kxb2 Rxf3 0-1

[Event "Ogolnopolska Olimpiada Mlodziezy D-12"]
[Site "Spala"]
[Date "1899-12-30"]
[Round "3.19"]
[White "Bilczewska, Olga"]
[Black "Hryn, Aleksandra"]
[Result "1-0"]
[WhiteTitle "II"]
[BlackTitle "II+"]
[WhiteElo "1252"]
[BlackElo "1277"]

1. d4 d5 2. c4 e6 3. Nc3 Nf6 4. cxd5 exd5 5. Bg5 Be7 6. Qc2 c6 7. e3 O-O 8. Bd3
h6 9. Bh4 Nbd7 10. Nf3 b6 11. O-O Bb7 12. h3 c5 13. Rad1 Rc8 14. Qe2 Ne4 15. Bxe7
Qxe7 16. Nh2 Nxc3 17. bxc3 Nf6 18. a4 Rfe8 19. Ra1 Ne4 20. Qb2 Qc7 21. Rfc1 Qe7
22. Rab1 Ba8 23. Qa2 Qf6 24. Ng4 Qe7 25. a5 Qc7 26. axb6 axb6 27. Qb2 Rb8 28.
Ne5 f6 29. Ng6 Qf7 30. Nf4 g5 31. Ne2 c4 32. Bc2 b5 33. Rd1 Bc6 34. Qb4 Qd7 35.
Bxe4 Rxe4 36. Ng3 Ree8 37. Qc5 Ba8 38. Ra1 Rec8 39. Qb4 Re8 40. Ra6 Rf8 41. Rda1
Bc6 42. Ra7 Rb7 43. Rxb7 Qxb7 44. Qc5 Ra8 45. Rxa8+ Qxa8 46. Nf5 Kh7 47. Qe7+
Kg6 48. g4 Qg8 49. Qc7 Qf7 50. Qxc6 Qa7 51. Qxd5 Qa1+ 52. Kg2 Qa7 53. Qg8+ Qg7
54. Qxg7# 1-0

[Event "Ogolnopolska Olimpiada Mlodziezy D-12"]
[Site "Spala"]
[Date "1899-12-30"]
[Round "4.1"]
[White "Kucharska, Honorata"]
[Black "Kalinowska, Zuzanna"]
[Result "1-0"]
[WhiteTitle "I"]
[BlackTitle "I"]
[WhiteElo "1722"]
[BlackElo "1542"]

1. d4 Nf6 2. Nf3 e6 3. e3 b6 4. Bd3 Bb7 5. O-O Be7 6. b3 O-O 7. Bb2 d6 8. Nbd2
c5 9. Rc1 Nbd7 10. c4 Rc8 11. Bb1 Qc7 12. h3 Rfd8 13. Qe2 Qb8 14. Rfd1 d5 15.
Ne5 Bd6 16. f4 Nf8 17. Kh1 Ne4 18. Nxe4 dxe4 19. d5 exd5 20. cxd5 Bxe5 21. Bxe5
Qa8 22. Bxe4 f6 23. Bb2 Rd6 24. Rd2 a6 25. Bf3 Re8 26. Qd3 Ng6 27. f5 Ne5 28.
Bxe5 Rxe5 29. e4 Re8 30. a3 Rc8 31. Rdc2 Rc7 32. b4 Qc8 33. bxc5 bxc5 34. Qe3
Qe8 35. Rxc5 Rxc5 36. Qxc5 Rd7 37. Qb4 Qe5 38. Qc3 Qd6 39. a4 Qb6 40. a5 Qd8 41.
Qc5 Qe8 42. Qb6 Qe7 43. Qe6+ 1-0

[Event "Ogolnopolska Olimpiada Mlodziezy D-12"]
[Site "Spala"]
[Date "1899-12-30"]
[Round "4.2"]
[White "Swiech, Joanna"]
[Black "Karlyk, Maria"]
[Result "1/2-1/2"]
[WhiteTitle "I"]
[BlackTitle "I"]
[WhiteElo "1598"]
[BlackElo "1440"]

1. d4 d5 2. Nf3 e6 3. g3 Nf6 4. Bg2 Be7 5. O-O O-O 6. b3 Nbd7 7. Bb2 b6 8. Nbd2
Bb7 9. c4 c5 10. e3 Rc8 11. Ne5 Ne4 12. Nxd7 Qxd7 13. dxc5 Nxc5 14. Qg4 f6 15.
Bh3 Bd6 16. Rfd1 Qf7 17. Qe2 Rcd8 18. a3 Rfe8 19. Rac1 Qg6 20. b4 Nd3 21. Rb1
dxc4 22. Nf3 e5 23. Nh4 Qf7 24. e4 b5 25. Nf5 Bc8 26. Bg4 Bxf5 27. Bxf5 g6 28.
Bh3 Bc7 29. Bc1 Bb6 30. Be3 Bxe3 31. Qxe3 Rd4 32. Rd2 Red8 33. Rbd1 Qb7 34. Be6+
Kg7 35. Bd5 Qa6 36. f4 Qxa3 37. fxe5 fxe5 38. Qg5 Rd7 39. Rf1 Qxb4 40. Qf6+ Kh6
41. Qh4+ Kg7 42. Qf6+ Kh6 43. Qh4+ Kg7 44. Qf6+ Kh6 45. Qh4+ 1/2-1/2

[Event "Ogolnopolska Olimpiada Mlodziezy D-12"]
[Site "Spala"]
[Date "1899-12-30"]
[Round "4.3"]
[White "Malicka, Maria"]
[Black "Moscicka, Pola"]
[Result "0-1"]
[WhiteTitle "I"]
[BlackTitle "I"]
[WhiteElo "1408"]
[BlackElo "1568"]

1. e4 c5 2. Nf3 d6 3. d4 cxd4 4. Nxd4 Nf6 5. Nc3 a6 6. Be2 e6 7. Be3 Nbd7 8. O-O
b5 9. a3 Bb7 10. f3 Be7 11. Nb3 O-O 12. Qe1 Kh8 13. Qf2 Rc8 14. Rad1 Ne5 15. Nc5
Qc7 16. Nxb7 Qxb7 17. Rb1 Nc4 18. Bxc4 bxc4 19. Rfd1 Rfd8 20. Qe2 Nd7 21. Qf2
Bf6 22. Bd4 Bxd4 23. Rxd4 Qb6 24. Rdd1 Qxf2+ 25. Kxf2 Nf6 26. Rd4 d5 27. exd5
exd5 28. Rbd1 Rb8 29. Nxd5 Rxb2 30. Rxc4 g6 31. Ne3 Rxd1 32. Nxd1 Ra2 33. Rc6
Nh5 34. Rc3 Nf4 35. Ne3 Ne6 36. Rd3 Kg7 37. g3 Nc7 38. Nf1 Rxc2+ 39. Rd2 Rc3 40.
Ra2 Nb5 41. a4 Nd4 42. Nd2 Ne6 43. a5 Nd4 44. f4 Nc6 45. Ne4 Rc4 46. Kf3 Kf8 47.
Ke3 Ke7 48. Ra3 Rc2 49. h3 f5 50. Nd2 Kd6 51. Kd3 Nb4+ 52. Ke3 Rc5 53. Ra4 Rc3+
54. Kf2 Kc5 55. Nf1 Kb5 56. Ra1 Nc6 57. Rb1+ Kxa5 58. Rb7 h6 59. Rg7 Kb5 60. Rxg6
a5 61. Rxh6 a4 62. Rf6 a3 63. Rxf5+ Kb4 64. Ne3 Rxe3 65. Kxe3 a2 66. Rf6 a1=Q
67. Rxc6 Qe1+ 68. Kd3 Qxg3+ 69. Kd4 Qxf4+ 70. Kd5 Qf5+ 71. Kd6 Qxh3 72. Rb6+ Ka5
73. Rc6 Qd3+ 74. Kc5 Qf5+ 75. Kd6 Kb5 76. Rc7 Qf6+ 77. Kd7 Kb6 78. Rc1 Qd4+ 79.
Kc8 Qg4+ 80. Kb8 Qf4+ 0-1

[Event "Ogolnopolska Olimpiada Mlodziezy D-12"]
[Site "Spala"]
[Date "1899-12-30"]
[Round "4.4"]
[White "Waszczuk, Patrycja"]
[Black "Tarka, Aleksandra"]
[Result "1-0"]
[WhiteTitle "I"]
[BlackTitle "II+"]
[WhiteElo "1474"]
[BlackElo "1349"]

1. e4 c5 2. Nf3 d6 3. d4 cxd4 4. Nxd4 Nf6 5. Nc3 g6 6. Be2 Bg7 7. O-O O-O 8. Be3
Nc6 9. Nb3 Be6 10. f4 Qc8 11. Kh1 Rd8 12. Bf3 Bc4 13. Re1 e5 14. Qd2 Qe6 15. Nd5
Rac8 16. Rad1 Nd7 17. c3 Bxb3 18. axb3 exf4 19. Nxf4 Qxb3 20. Ra1 Nb6 21. Bxb6
axb6 22. Ra3 Qb5 23. Nd5 Kf8 24. Be2 Qc5 25. b4 Qf2 26. Rf1 Qh4 27. Rf4 Qh6 28.
Nxb6 Rb8 29. Bc4 Ne5 30. Qf2 Kg8 31. g3 Rf8 32. Kg2 Rbd8 33. Be2 g5 34. Rf5 g4
35. Nd5 Qh3+ 36. Kg1 Nd7 37. Ne7+ Kh8 38. Rxf7 Rxf7 39. Qxf7 Rf8 40. Qe6 Ne5 41.
Ra1 Bh6 42. Nd5 Nf3+ 43. Bxf3 Rxf3 44. Qxd6 Bg7 45. Ra8+ Bf8 46. Rxf8+ Kg7 47.
Rxf3 gxf3 48. Qf6+ Kg8 49. Ne7# 1-0

[Event "Ogolnopolska Olimpiada Mlodziezy D-12"]
[Site "Spala"]
[Date "1899-12-30"]
[Round "4.5"]
[White "Kulpa, Zuzanna"]
[Black "Skiba, Aleksandra"]
[Result "1-0"]
[WhiteTitle "II+"]
[BlackTitle "II"]
[WhiteElo "1425"]
[BlackElo "1214"]

1. e4 e6 2. d4 d5 3. e5 c5 4. dxc5 Bxc5 5. Qg4 g6 6. Nf3 Qc7 7. Bd3 Nc6 8. Qg3
Nd4 9. Nbd2 Qb6 10. c3 Nc2+ 11. Bxc2 Bd7 12. O-O Bb5 13. Re1 Rc8 14. Nb3 Ba4 15.
Be3 Bxe3 16. Rxe3 Ne7 17. Nfd4 h5 18. Rf3 Rg8 19. Qf4 Rf8 20. Nxe6 Qxe6 21. Qxa4+
Nc6 22. Nd4 Qe7 23. Nb5 Kd8 24. Nxa7 Nxa7 25. Qxa7 g5 26. Qa5+ Rc7 27. Qxd5+ Rd7
28. Qa5+ Rc7 29. Rd3+ Qd7 30. Rxd7+ Kxd7 31. Bf5+ Kc6 32. Rd1 b5 33. Qa6+ Kc5
34. Qd6+ Kc4 35. Qxc7# 1-0

[Event "Ogolnopolska Olimpiada Mlodziezy D-12"]
[Site "Spala"]
[Date "1899-12-30"]
[Round "4.6"]
[White "Lascar, Maria Elena"]
[Black "Harazinska, Magdalena"]
[Result "1/2-1/2"]
[WhiteTitle "II+"]
[BlackTitle "I"]
[WhiteElo "1299"]
[BlackElo "1618"]

1. e4 c5 2. d4 cxd4 3. Qxd4 Nc6 4. Qe3 Nf6 5. Bd2 e6 6. Nc3 d5 7. exd5 Nxd5 8.
Nxd5 Qxd5 9. c4 Qd4 10. Qxd4 Nxd4 11. O-O-O Nc6 12. f4 Bc5 13. Nf3 O-O 14. g3
a6 15. Bg2 Nb4 16. Bxb4 Bxb4 17. Ne5 Rb8 18. a3 Bc5 19. b4 Be3+ 20. Kc2 f6 21.
Nd7 Bxd7 22. Rxd7 Rbd8 23. Rhd1 Rxd7 24. Rxd7 Bg1 25. h3 Bh2 26. Rd3 b6 27. c5
bxc5 28. bxc5 Rc8 29. c6 Bg1 30. Rd7 Bb6 31. a4 Kf8 32. Kd3 Rd8 33. Rxd8+ Bxd8
34. Kc4 Ke7 35. Kc5 Bc7 36. Bf3 g6 37. Bg2 a5 38. Bf3 f5 39. Bg2 Kf6 40. Kb5 h6
41. Ka6 Ke7 42. Kb5 Kd6 43. Kc4 h5 44. Bf3 e5 45. fxe5+ Kxe5 46. Bd5 Kf6 47. Kb5
g5 48. Ka6 Ke5 49. Kb7 Kd6 50. Bf3 g4 51. hxg4 hxg4 52. Bd5 1/2-1/2

[Event "Ogolnopolska Olimpiada Mlodziezy D-12"]
[Site "Spala"]
[Date "1899-12-30"]
[Round "4.7"]
[White "Kaniowska, Anna"]
[Black "Wolagiewicz, Kinga"]
[Result "1/2-1/2"]
[WhiteTitle "II"]
[BlackTitle "I"]
[WhiteElo "1336"]
[BlackElo "1373"]

1. d4 d5 2. c4 e6 3. Nc3 Nf6 4. Bg5 Nbd7 5. Nf3 c6 6. e3 Qa5 7. Qd2 Bb4 8. Rc1
Ne4 9. Qc2 Qxa2 10. cxd5 exd5 11. Bd3 Nxc3 12. bxc3 Qxc2 13. Rxc2 Bd6 14. O-O
O-O 15. Ra1 a6 16. Rb1 a5 17. Ra2 a4 18. Bh4 Re8 19. Bg3 Bxg3 20. hxg3 b5 21.
Bc2 h6 22. Rb4 f6 23. Nd2 Bb7 24. Bxa4 Nb6 25. Bb3 Rxa2 26. Bxa2 Ra8 27. Bb1 Ra3
28. Rb3 Ra8 29. Kf1 Ba6 30. Ke1 Bc8 31. Bd3 Ra1+ 32. Ke2 Bg4+ 33. f3 Bd7 34. e4
Be6 35. Rb1 Ra2 36. Ke1 Na4 37. Rc1 Nb2 38. Be2 f5 39. e5 Ra3 40. Kf1 Na4 41.
Nb1 Ra1 42. Bd3 Nb2 43. Bc2 Nc4 44. Ke2 Na3 45. Bd3 g5 46. f4 g4 47. Kd1 Nxb1
48. Bxb1 h5 49. Bd3 Ra2 50. Rc2 Ra1+ 51. Ke2 Rg1 52. Kf2 Ra1 53. Rb2 Ra3 54. Rc2
Bd7 55. Ke2 Kf7 56. Kd2 Ke6 57. Kc1 Ra1+ 58. Kb2 Ra4 59. Kb3 Ke7 60. Ra2 Rxa2
61. Kxa2 Be6 62. Kb3 Kd7 63. Kb4 Kc7 64. Kc5 Bd7 65. Bc2 Be6 66. Bb3 Bf7 67. Bc2
Be6 68. Bd3 Bd7 69. Bxb5 1/2-1/2

[Event "Ogolnopolska Olimpiada Mlodziezy D-12"]
[Site "Spala"]
[Date "1899-12-30"]
[Round "4.8"]
[White "Koruch, Maria"]
[Black "Raczykowska, Paulina"]
[Result "1-0"]
[WhiteTitle "II"]
[BlackTitle "II+"]
[WhiteElo "1362"]
[BlackElo "1228"]

1. e4 e5 2. Nf3 Nc6 3. Bb5 a6 4. Ba4 Nf6 5. d3 b5 6. Bb3 Bc5 7. c3 d6 8. O-O Bb6
9. Nbd2 Ne7 10. Re1 O-O 11. Nf1 Ng6 12. Ng3 h6 13. h3 Re8 14. d4 exd4 15. cxd4
Bb7 16. Bc2 Re7 17. Qd3 c5 18. a4 c4 19. Qa3 b4 20. Qe3 b3 21. Bb1 Nxe4 22. Bxe4
d5 23. Nd2 dxe4 24. Nxc4 Bxd4 25. Qxb3 Bd5 26. Nf5 Rc7 27. Nxd4 Bxc4 28. Qe3 Rac8
29. Bd2 Re7 30. Rad1 Qb6 31. Nf5 Qxe3 32. Nxe7+ Nxe7 33. Bxe3 Bb3 34. Rc1 Rd8
35. Rc7 Nf5 36. Rc6 Bxa4 37. Rxa6 Bc2 38. Rc6 Bd3 39. Rec1 Rd7 40. Rc8+ Kh7 41.
R1c7 Rxc7 42. Rxc7 Nxe3 43. fxe3 f5 44. Rc3 Kg6 45. b4 Kg5 46. Kf2 Kh4 47. Rc5
g6 48. b5 h5 49. b6 Ba6 50. Ra5 Bb7 51. Ra7 Bc6 52. b7 Bxb7 53. Rxb7 g5 54. Rf7
g4 55. hxg4 Kxg4 56. g3 Kg5 57. Kg2 Kg6 58. Rf8 Kg5 59. Kh3 Kg6 60. Kh4 1-0

[Event "Ogolnopolska Olimpiada Mlodziezy D-12"]
[Site "Spala"]
[Date "1899-12-30"]
[Round "4.9"]
[White "Lukaszewska, Magdalena"]
[Black "Jarocka, Liwia"]
[Result "0-1"]
[WhiteTitle "II"]
[BlackTitle "I"]
[WhiteElo "1190"]
[BlackElo "1341"]

1. e4 e5 2. Nf3 Nc6 3. d4 exd4 4. Nxd4 Nf6 5. Nc3 Bb4 6. Nxc6 bxc6 7. Bd3 d5 8.
exd5 cxd5 9. Bd2 O-O 10. O-O c6 11. a3 Bd6 12. h3 Bd7 13. Qf3 Re8 14. Rfe1 Be6
15. Bg5 h6 16. Bxf6 Qxf6 17. Qxf6 gxf6 18. Ne2 Be5 19. c3 Kh8 20. f4 Bc7 21. g4
Rg8 22. f5 Bd7 23. Rf1 h5 24. Kf2 hxg4 25. hxg4 Rxg4 26. Ke1 Re8 27. Kd1 Rg2 28.
Kd2 c5 29. b3 a5 30. a4 Be5 31. Rab1 Rb8 32. Kc2 Rc8 33. Kd1 c4 34. Bc2 cxb3 35.
Bxb3 Rb8 36. Ke1 Bxa4 37. Ba2 Rxb1+ 38. Bxb1 Bb5 39. Rf2 Rxf2 40. Kxf2 Bxe2 41.
Kxe2 Bxc3 0-1

[Event "Ogolnopolska Olimpiada Mlodziezy D-12"]
[Site "Spala"]
[Date "1899-12-30"]
[Round "4.10"]
[White "Rudzinska, Michalina"]
[Black "Tomczak, Marta"]
[Result "1-0"]
[WhiteTitle "I"]
[BlackTitle "II"]
[WhiteElo "1544"]
[BlackElo "1284"]

1. e4 c5 2. Nf3 Nc6 3. d4 cxd4 4. Nxd4 Nf6 5. Nc3 d6 6. Be2 e5 7. Nf3 h6 8. O-O
Be7 9. Re1 O-O 10. h3 a6 11. a4 b6 12. Bf1 Bb7 13. b3 Qc7 14. Bb2 Rfd8 15. Qd2
a5 16. Nb5 Qc8 17. Ba3 Qb8 18. Bc4 Rd7 19. Rad1 Nb4 20. c3 Na6 21. Qe3 Bxe4 22.
Nxe5 dxe5 23. Rxd7 Nxd7 24. Qxe4 Bxa3 25. Nxa3 Nac5 26. Qd5 Qe8 27. Nb5 Rb8 28.
Nd6 Qe6 29. Nxf7 Qxd5 30. Bxd5 Kh7 31. Nxe5 Nf6 32. Bc4 Nfe4 33. b4 Nxa4 34. Rxe4
Nxc3 35. Rg4 b5 36. Bd3+ Kh8 37. Nf7+ Kg8 38. Nxh6+ Kf8 39. Nf5 Rb7 40. bxa5 Ra7
41. a6 Rxa6 42. Nxg7 Ra1+ 43. Kh2 Ra2 44. Nh5 Rb2 45. Rf4+ Ke7 46. Bxb5 Rxb5 47.
g4 Rb2 48. Rf3 Nd1 49. Kg3 Rb5 50. h4 Nb2 51. g5 Nc4 52. g6 Rb8 53. Rf7+ Ke6 54.
Nf4+ Kd6 55. g7 Rg8 56. Nh5 Ke6 57. Rf8 Nd6 58. Rxg8 Kf7 59. Rf8+ 1-0

[Event "Ogolnopolska Olimpiada Mlodziezy D-12"]
[Site "Spala"]
[Date "1899-12-30"]
[Round "4.11"]
[White "Kawecka, Malgorzata"]
[Black "Poreba, Weronika"]
[Result "0-1"]
[WhiteTitle "II+"]
[BlackTitle "I"]
[WhiteElo "1238"]
[BlackElo "1414"]

1. e4 c5 2. Nf3 e6 3. d4 cxd4 4. Nxd4 a6 5. Nc3 Qc7 6. Be2 b5 7. a3 Bb7 8. O-O
d6 9. Be3 Nd7 10. Qd2 Ngf6 11. f3 Be7 12. Kh1 O-O 13. Rac1 Rac8 14. Rfd1 Rfd8
15. Bd3 h6 16. Nb3 Nc5 17. Qf2 Rd7 18. Nd4 d5 19. exd5 Nxd5 20. Nxd5 Rxd5 21.
f4 Bd6 22. h3 e5 23. Nf5 exf4 24. Nxd6 fxe3 25. Qg3 Rd8 26. Nf5 Qxg3 27. Nxg3
Nxd3 28. cxd3 Rxd3 29. Rxd3 Rxd3 30. Re1 Rd2 31. Re2 Rxe2 32. Nxe2 g5 33. Kh2
f5 34. g3 Bf3 35. Nd4 g4 36. hxg4 fxg4 37. Kg1 e2 38. Kf2 Kf7 39. Nf5 Kg6 40.
Ne3 Kg5 41. Nc2 h5 42. Nd4 h4 43. gxh4+ Kxh4 44. Nc2 Kh3 45. Kg1 g3 46. b3 Be4
47. Ne1 Kg4 48. a4 bxa4 49. bxa4 a5 50. Ng2 Bxg2 51. Kxg2 e1=N+ 52. Kf1 Nd3 53.
Kg2 Nb2 54. Kf1 Nxa4 55. Kg2 Nc5 56. Kf1 Kf3 57. Kg1 g2 58. Kh2 Kf2 59. Kh3 g1=Q
0-1

[Event "Ogolnopolska Olimpiada Mlodziezy D-12"]
[Site "Spala"]
[Date "1899-12-30"]
[Round "4.12"]
[White "Pyzio, Amelia"]
[Black "Bilczewska, Olga"]
[Result "0-1"]
[WhiteTitle "II+"]
[BlackTitle "II"]
[WhiteElo "1346"]
[BlackElo "1252"]

1. e4 e5 2. Nf3 Nc6 3. Bb5 Bc5 4. O-O Nf6 5. d3 d6 6. c3 O-O 7. h3 a6 8. Ba4 h6
9. Bc2 Ba7 10. Re1 Nh7 11. Be3 f5 12. Bxa7 Nxa7 13. d4 exd4 14. Nxd4 fxe4 15.
Bxe4 Ng5 16. Bd5+ Kh8 17. Nd2 Nxh3+ 18. gxh3 Qg5+ 19. Kh1 Qxd5+ 20. Ne4 Rf4 21.
f3 Qh5 22. Nf2 c5 23. Ne2 Qxf3+ 24. Kh2 Qxf2+ 0-1

[Event "Ogolnopolska Olimpiada Mlodziezy D-12"]
[Site "Spala"]
[Date "1899-12-30"]
[Round "4.13"]
[White "Budkiewicz, Magdalena"]
[Black "Hryn, Zofia"]
[Result "1/2-1/2"]
[WhiteTitle "II+"]
[BlackTitle "II"]
[WhiteElo "1280"]
[BlackElo "1327"]

1. e4 c5 2. Nf3 d6 3. d4 cxd4 4. Nxd4 Nf6 5. Nc3 g6 6. f3 Bg7 7. Be3 O-O 8. Qd2
Nc6 9. O-O-O d5 10. Nxc6 bxc6 11. exd5 cxd5 12. Nxd5 Nxd5 13. Qxd5 Qc7 14. Qc5
Qb7 15. Bd4 Bf5 16. Qa3 Qc7 17. Qc3 Qxc3 18. Bxc3 Bxc3 19. bxc3 Rfc8 20. Bd3 Be6
21. Kd2 Bxa2 22. Ra1 Bd5 23. Ra5 e6 24. Rha1 Rc7 25. R5a4 Rac8 26. R1a3 Ra8 27.
Be2 Rd8 28. Bd3 Rdd7 29. Ke3 Rb7 30. Kd2 Rbc7 31. Ke3 Rb7 32. Kd2 Bc6 33. Ra5
Bb5 34. Ke3 Bc6 35. Kd2 Bb5 36. Ke3 Bc6 37. Ke4 1/2-1/2

[Event "Ogolnopolska Olimpiada Mlodziezy D-12"]
[Site "Spala"]
[Date "1899-12-30"]
[Round "4.14"]
[White "Choinska, Debora"]
[Black "Tamon, Agata"]
[Result "1-0"]
[WhiteTitle "II"]
[BlackTitle "II"]
[WhiteElo "1297"]
[BlackElo "1056"]

1. e4 e5 2. Nf3 Nc6 3. c3 Nf6 4. d4 exd4 5. e5 Nd5 6. cxd4 Bb4+ 7. Bd2 Bxd2+ 8.
Qxd2 O-O 9. Bb5 d6 10. exd6 Qxd6 11. O-O h6 12. Nc3 Nxc3 13. bxc3 a6 14. Ba4 Bg4
15. Bxc6 Qxc6 16. Ne5 Qe6 17. Rfe1 Bf5 18. h3 Bh7 19. Qd1 Qf5 20. Qf3 Qxf3 21.
Nxf3 Rfe8 22. Rad1 Rad8 23. Kf1 Rxe1+ 24. Nxe1 Be4 25. f3 Bd5 26. a3 Bc4+ 27.
Kf2 Re8 28. Rd2 Re6 29. Rb2 b6 30. Rd2 a5 31. Nd3 Bxd3 32. Rxd3 Rd6 33. Ke2 Re6+
34. Re3 Rxe3+ 35. Kxe3 Kf8 36. Ke4 Ke7 37. Kd5 Kd7 38. c4 c6+ 39. Ke4 Ke6 40.
d5+ cxd5+ 41. cxd5+ Kd6 42. a4 g6 43. g4 f6 44. Kd4 f5 45. gxf5 gxf5 46. f4 h5
47. h4 Kd7 48. Ke5 Ke7 49. d6+ Kd7 50. Kd5 Kd8 51. Kc6 Kc8 52. Kxb6 Kd7 53. Kxa5
Kxd6 54. Kb6 Kd5 55. a5 Ke4 56. a6 Kxf4 57. a7 Kg3 58. a8=Q f4 59. Qg8+ Kxh4 60.
Qg1 Kh3 61. Kc5 h4 62. Kd4 f3 63. Ke3 f2 64. Qxf2 Kg4 65. Qg2+ Kh5 66. Kf4 h3
67. Qxh3+ Kg6 68. Qf5+ Kg7 69. Qe6 Kf8 70. Qd7 Kg8 71. Kf5 Kf8 72. Kf6 1-0

[Event "Ogolnopolska Olimpiada Mlodziezy D-12"]
[Site "Spala"]
[Date "1899-12-30"]
[Round "4.15"]
[White "Nowicka, Julia"]
[Black "Orlik, Sandra"]
[Result "0-1"]
[WhiteTitle "II"]
[BlackTitle "II"]
[WhiteElo "1218"]
[BlackElo "1298"]

1. e4 e5 2. Nf3 Nc6 3. d4 exd4 4. Nxd4 Nf6 5. Nc3 Bb4 6. Nxc6 bxc6 7. Bd3 d5 8.
exd5 cxd5 9. O-O O-O 10. Bg5 c6 11. Qf3 Be7 12. Rae1 Re8 13. Ne2 h6 14. Bh4 g5
15. Bg3 Bg4 16. Qe3 Bb4 17. Qc1 Bxe1 18. Rxe1 Qb6 19. h4 Bxe2 20. Bxe2 Ne4 21.
Kh1 Nxf2+ 22. Kh2 f6 23. c3 Ne4 24. Qc2 f5 25. Rf1 Rf8 26. Bf3 Rae8 27. Bh5 Re6
28. Bf3 Nxg3 29. Kxg3 Qc7+ 30. Kf2 Qf4 31. Kg1 Qxh4 32. Qf2 Qxf2+ 33. Kxf2 g4
34. Bd1 Kg7 35. Kg3 Kg6 36. Bxg4 Ref6 37. Be2 Re8 38. Bd1 f4+ 39. Rxf4 Re3+ 40.
Bf3 Rxf4 41. Kxf4 Re7 42. Kg4 a5 43. Bd1 h5+ 44. Kf4 Re4+ 45. Kg3 Kg5 46. Bf3
Re7 47. Kf2 h4 48. Kf1 Kf4 49. Kf2 Rb7 50. b3 Rc7 51. Ke2 Ke5 52. Kd3 c5 53. Be2
Kf4 54. Kd2 Re7 55. Bf3 Re5 56. c4 d4 57. Bc6 Re6 58. Bd5 Rb6 59. Kd3 Rb8 60.
Kd2 Kg3 61. Kd3 Kf2 62. Bc6 Rc8 63. Bd5 Rc7 64. Kd2 Rg7 65. a3 Rxg2 66. Bxg2 Kxg2
67. b4 h3 68. bxc5 h2 69. c6 h1=Q 70. c7 Qh8 71. c5 Qc8 72. a4 Qxc7 73. c6 Qxc6
74. Kd3 Qxa4 75. Kd2 Qb3 76. Ke2 Qe3+ 77. Kd1 Qf2 78. Kc1 Kf3 79. Kb1 Ke3 80.
Ka1 Kd3 81. Kb1 Kc3 82. Ka1 Qb2# 0-1

[Event "Ogolnopolska Olimpiada Mlodziezy D-12"]
[Site "Spala"]
[Date "1899-12-30"]
[Round "4.16"]
[White "Maruszczak, Hanna"]
[Black "Wojciechowska, Martyna"]
[Result "1/2-1/2"]
[WhiteTitle "II"]
[BlackTitle "II"]
[WhiteElo "1069"]
[BlackElo "1280"]

1. e4 c5 2. Nf3 Nc6 3. d4 cxd4 4. Nxd4 Nf6 5. Nc3 e5 6. Ndb5 d6 7. Nd5 Nxd5 8.
Qxd5 a6 9. Nc3 Be6 10. Qd2 Nd4 11. Qd3 Qf6 12. Be3 Rc8 13. O-O-O Be7 14. Bxd4
exd4 15. Qxd4 Qxd4 16. Rxd4 Bf6 17. Rxd6 Bxc3 18. bxc3 Rxc3 19. Rb6 Rc7 20. Kb2
Ke7 21. Be2 Rhc8 22. Rc1 f5 23. Bf3 Kf7 24. exf5 Bxf5 25. Rxb7 Rxb7+ 26. Bxb7
Rb8 27. Kc3 Rxb7 28. a3 Kf6 29. Re1 Rc7+ 30. Kb4 Rxc2 31. Rf1 Be4 32. g3 Bg2 33.
Rd1 Rxf2 34. Rd6+ Kg5 35. Rxa6 Rb2+ 36. Kc3 Rb7 37. Ra4 Bc6 38. Rf4 Bd5 39. a4
Rc7+ 40. Kd4 Bb3 41. Kd3 Bc2+ 42. Kd2 Bf5 43. h4+ Kf6 44. g4 Ke5 45. Rxf5+ Ke6
46. Rf4 Ke5 47. Rb4 Ke6 48. Kd3 Ke5 49. Re4+ Kd5 50. h5 h6 51. a5 Ra7 52. Ra4
Ra6 53. Ke3 Ke5 54. Kf3 Rf6+ 55. Ke3 Ra6 56. Re4+ Kf6 57. Rf4+ Ke6 58. Rf5 Ra7
59. Kf4 Ke7 60. g5 hxg5+ 61. Rxg5 Kf7 62. Ke4 1/2-1/2

[Event "Ogolnopolska Olimpiada Mlodziezy D-12"]
[Site "Spala"]
[Date "1899-12-30"]
[Round "4.19"]
[White "Czarniecka, Aleksandra"]
[Black "Mytych, Wiktoria"]
[Result "1-0"]
[WhiteTitle "I"]
[BlackTitle "II"]
[WhiteElo "1247"]
[BlackElo "1109"]

1. e4 c6 2. d4 d5 3. Nc3 dxe4 4. Nxe4 Bf5 5. Ng3 Bg6 6. h4 h6 7. Nf3 Nf6 8. h5
Bh7 9. Bd3 Bxd3 10. Qxd3 Nbd7 11. Bf4 e6 12. O-O-O Nb6 13. c4 Be7 14. Kb1 O-O
15. Ne4 Nbd7 16. g3 Rc8 17. Qe2 Qa5 18. Ne5 Nxe5 19. Bxe5 Nd7 20. Bf4 Qf5 21.
Ka1 Nf6 22. Nd6 Bxd6 23. Bxd6 Rfd8 24. Be5 Ng4 25. Bf4 Nf6 26. Rh4 Qe4 27. Be3
Qf5 28. g4 Qa5 29. f4 Ne4 30. Qd3 Nd6 31. g5 Nf5 32. Rh3 hxg5 33. fxg5 c5 34.
g6 cxd4 35. Bd2 Qc7 36. h6 gxh6 37. Bxh6 fxg6 38. Bg5 Rd7 39. Rdh1 Rg7 40. Bf6
Kf7 41. Bxg7 Nxg7 42. Qf3+ Ke7 43. Rh7 Kd6 44. Qa3+ Ke5 45. Re1+ Kf4 46. Qe3+
Kg4 47. Rg1+ Kf5 48. Qg3 Ke4 49. Rh4+ Kf5 50. Rf1+ Qf4 51. Qxf4# 1-0

[Event "Ogolnopolska Olimpiada Mlodziezy D-12"]
[Site "Spala"]
[Date "1899-12-30"]
[Round "5.1"]
[White "Moscicka, Pola"]
[Black "Kucharska, Honorata"]
[Result "1/2-1/2"]
[WhiteTitle "I"]
[BlackTitle "I"]
[WhiteElo "1568"]
[BlackElo "1722"]

1. e4 e6 2. d4 d5 3. Nd2 c5 4. exd5 exd5 5. Ngf3 Nc6 6. Bb5 Bd6 7. dxc5 Bxc5 8.
O-O Nge7 9. Nb3 Bd6 10. Bg5 O-O 11. Bh4 Bg4 12. Be2 Qd7 13. Bg3 Rad8 14. Bxd6
Qxd6 15. Nfd4 Bxe2 16. Qxe2 a6 17. Rad1 Ng6 18. c3 Rfe8 19. Qc2 h6 20. h3 Qf6
21. Qf5 Qxf5 22. Nxf5 Re2 23. Rb1 Re5 24. Nfd4 Nxd4 25. Nxd4 Rde8 26. Rbd1 Kf8
27. Rd2 f6 28. Rfd1 Nf4 29. Kh2 Kf7 30. a3 Kf8 31. g3 Ng6 32. Kg2 Kf7 33. Nf3
Re2 34. Nd4 R2e5 35. Nf3 Re2 36. Nd4 R2e5 37. Nf3 1/2-1/2

[Event "Ogolnopolska Olimpiada Mlodziezy D-12"]
[Site "Spala"]
[Date "1899-12-30"]
[Round "5.2"]
[White "Swiech, Joanna"]
[Black "Waszczuk, Patrycja"]
[Result "0-1"]
[WhiteTitle "I"]
[BlackTitle "I"]
[WhiteElo "1598"]
[BlackElo "1474"]

1. d4 d5 2. f4 Nf6 3. Nf3 e6 4. e3 Bd6 5. Bd3 b6 6. O-O O-O 7. Nbd2 Bb7 8. Ne5
Ne4 9. Rf3 f5 10. Rh3 Bxe5 11. dxe5 Nxd2 12. Bxd2 Qe8 13. Qe1 Nd7 14. Qh4 h6 15.
Be2 Qd8 16. Qg3 Kh8 17. Bh5 Nc5 18. Qg6 Bc6 19. Bb4 Be8 20. Qg3 Ne4 21. Qf3 c5
22. Be1 g6 23. Bxg6 Bxg6 24. Rxh6+ Kg7 25. Rh3 Rh8 26. g4 Kf7 27. g5 Rxh3 28.
Qxh3 Qh8 29. Qg2 Qh5 30. h4 Qg4 31. Qxg4 fxg4 32. b3 Rd8 33. Rd1 Ke7 34. c3 b5
35. a3 a5 36. Kg2 c4 37. h5 Bxh5 38. g6 Rg8 39. f5 exf5 40. Rxd5 a4 41. bxa4 bxa4
42. Ra5 Bxg6 43. Rxa4 Rc8 44. Ra6 Be8 45. a4 Rc6 46. Ra8 Bd7 47. a5 Nc5 48. Bh4+
Ke6 49. Rb8 Kxe5 50. Rb4 Na6 51. Rb7 Ke6 52. Kg3 Nc5 53. Rb4 Ne4+ 54. Kf4 Nxc3
55. e4 Nxe4 56. a6 c3 57. Rb1 Rxa6 58. Rc1 Rc6 59. Ke3 Ke5 60. Be1 f4+ 61. Ke2
g3 62. Kf3 Be8 63. Kg2 Bh5 64. Rc2 f3+ 65. Kf1 Bg4 66. Bxg3+ Nxg3+ 67. Kf2 Kf4
68. Ke1 Ke3 0-1